000 00471nam a2200181Ia 4500
001 3867
005 20260306145715.0
008 260306t1985||||xx |||||||||||||| ||spa||
041 _aESP
082 _a304.2
_bC24
100 _aCampbell, Bernard
_eAUT
245 0 _aHuman ecology:
_bthe story of our place in nature from prehistory to the present
260 _c1985
300 _a198 páginas :
_c23 cm.
650 _aGEN
654 _aCHU
942 _cLIB
_dJUS
_fJUS
_2ddc
_n
999 _c3867
_d3867